Call of Duty Warzone Locations - Statistics

General Stats
  • This quiz has been taken 1,552 times
  • The average score is 10 of 20
Answer Stats
Locations % Correct
Prison
76%
Airport
75%
Downtown
70%
Superstore
67%
Dam
64%
Military Base
57%
Quarry
57%
Stadium
56%
Farmland
52%
Boneyard
50%
Storage Town
50%
Hospital
49%
Lumber
45%
Promenade East
45%
Promenade West
45%
TV Station
45%
Port
42%
Train Station
39%
Park
35%
Hills
33%
No matching quizzes found
Score Distribution
Percent of People with Each Score
Percentile by Number Answered
Your Score History
You have not taken this quiz